Welcome to WEB OPAC of MRSPTU Central Library

Discrete mathematical structures with applications to computer science (Record no. 5797)

MARC details
000 -LEADER
fixed length control field 00501nam a2200181Ia 4500
008 - FIXED-LENGTH DATA ELEMENTS--GENERAL INFORMATION
fixed length control field 230711s9999||||xx |||||||||||||| ||und||
020 ## - INTERNATIONAL STANDARD BOOK NUMBER
International Standard Book Number 978-0-07-463113-3
041 ## - LANGUAGE CODE
Language code of text/sound track or separate title ENG
082 ## - DEWEY DECIMAL CLASSIFICATION NUMBER
Classification number 511.1
Item number TR-D
100 ## - MAIN ENTRY--PERSONAL NAME
Personal name Tremblay,J.P
245 #0 - TITLE STATEMENT
Title Discrete mathematical structures with applications to computer science
250 ## - EDITION STATEMENT
Edition statement 1st Ed.
260 ## - PUBLICATION, DISTRIBUTION, ETC.
Date of publication, distribution, etc. 2015
Place of publication, distribution, etc. New Delhi
Name of publisher, distributor, etc. McGraw Hill Education(India) Private Limited
300 ## - PHYSICAL DESCRIPTION
Extent 606p.
650 ## - SUBJECT ADDED ENTRY--TOPICAL TERM
Topical term or geographic name entry element Mathematics
700 ## - ADDED ENTRY--PERSONAL NAME
Personal name Manohar,R
942 ## - ADDED ENTRY ELEMENTS (KOHA)
Koha item type Book
Holdings
Withdrawn status Lost status Damaged status Not for loan Collection Home library Current library Date acquired Cost, normal purchase price Inventory number Total checkouts Full call number Barcode Date last seen Date last checked out Price effective from Koha item type Date due
          MRSPTU Central Library MRSPTU Central Library   575.00 49742486 2 511.1 TR-D 31248 06/23/2025 05/13/2025 08/17/2023 Book  
          MRSPTU Central Library MRSPTU Central Library   575.00 49742486 5 511.1 TR-D 31249 02/02/2026 01/21/2026 08/17/2023 Book  
          MRSPTU Central Library MRSPTU Central Library         511.1 TR-D 36830 08/17/2023   08/17/2023 Book  
          MRSPTU Central Library MRSPTU Central Library         511.1 TR-D 36831 08/17/2023   08/17/2023 Book  
          MRSPTU Central Library MRSPTU Central Library       3 511.1 TR-D 36832 02/24/2025 02/24/2025 08/17/2023 Book 03/18/2025
          MRSPTU Central Library MRSPTU Central Library       1 511.1 TR-D 36833 03/04/2025 08/31/2023 08/17/2023 Book  
          MRSPTU Central Library MRSPTU Central Library       5 511.1 TR-D 36834 03/30/2026 03/05/2026 08/17/2023 Book  
          MRSPTU Central Library MRSPTU Central Library       4 511.1 TR-D 36835 02/02/2026 01/21/2026 08/17/2023 Book  
          MRSPTU Central Library MRSPTU Central Library       6 511.1 TR-D 36836 03/17/2025 02/04/2025 08/17/2023 Book  
          MRSPTU Central Library MRSPTU Central Library       7 511.1 TR-D 36837 01/23/2026 09/08/2025 08/17/2023 Book  
          MRSPTU Central Library MRSPTU Central Library       3 511.1 TR-D 36838 02/02/2026 01/21/2026 08/17/2023 Book  
          MRSPTU Central Library MRSPTU Central Library         511.1 TR-D 36839 08/17/2023   08/17/2023 Book  

Website Designed and Developed by MRSPTU Central Library Team

E-mail Id: librarian@mrsptu.ac.in